| 000 | 00715nam a22002171c 4500 | ||
|---|---|---|---|
| 001 | a987693023 | ||
| 008 | 200210s2020 gw |||| 000u rus d | ||
| 020 |
_a9785807104632 _9978-5-8071-0463-2 |
||
| 041 | _arus | ||
| 100 | 1 | _aBalandina, Olesja Aleksandrovna | |
| 245 | 0 | 0 |
_aVlast', informacija, obščestvo : _bich vzaimosvjazi v dejatel'nosti Sovetskogo informbjuro v uslovijach Velikoj Otečestvennoij voiny |
| 264 |
_aSankt-Peterburg : _bEvrasija, _c2020 |
||
| 300 | _a320 Seiten | ||
| 610 | 0 | _aSowjetisches Informationsbüro | |
| 650 | 0 | _aZweiter Weltkrieg | |
| 651 | 0 | _aSowjetunion | |
| 700 | 1 |
_aDavydov, Aleksandr Jur'evič _eVerfasserIn |
|
| 942 | _cMG | ||
| 040 | _cRU-10907106 | ||
| 003 | RU-10907106 | ||
| 999 |
_c29745 _d29745 |
||